000137216 001__ 137216
000137216 005__ 20240827141134.0
000137216 037__ $$aGDOC-2023-26931
000137216 041__ $$aspa
000137216 041__ $$aeng
000137216 100__ $$0(orcid)0000-0002-1192-8707$$1628294$$aAlberto Aleta, Casas
000137216 24500 $$926931$$aTrabajo fin de Grado
000137216 24200 $$926931$$aUndergraduate Dissertation
000137216 260__ $$aZaragoza$$bUniversidad de Zaragoza$$c2023-2024
000137216 521__ $$9124$$aGrado en Física$$bDegree in Physics
000137216 540__ $$aby-nc-sa$$bCreative Commons$$c3.0$$uhttp://creativecommons.org/licenses/by-nc-sa/3.0/
000137216 700__ $$0(orcid)0009-0006-7877-2985$$1760492$$aJaime Apilluelo, Allué
000137216 700__ $$0(orcid)0000-0003-2968-228X$$1387119$$aJustiniano Aporta, Alfonso
000137216 700__ $$0(orcid)0000-0003-3669-6241$$1388008$$aManuel Asorey, Carballeira
000137216 700__ $$0(orcid)0000-0003-3629-0540$$1502382$$aFrancisco Aznar, Tabuenca
000137216 700__ $$0(orcid)0000-0002-7260-0473$$1523949$$aVíctor Berdejo, Arceiz
000137216 700__ $$1543659$$aIrene Calvo, Almazán
000137216 700__ $$0(orcid)0000-0003-2361-1077$$1404124$$aBelén Teresa Calvo, López
000137216 700__ $$0(orcid)0000-0003-2264-2306$$1307773$$aJosé Manuel Carmona, Martínez
000137216 700__ $$0(orcid)0000-0002-9413-0265$$1549295$$aEnrique Carretero, Chamarro
000137216 700__ $$0(orcid)0000-0003-4721-7381$$1327086$$aJesús Jerónimo Clemente, Gallardo
000137216 700__ $$0(orcid)0000-0002-8100-1368$$1649091$$aIván Coarasa, Casas
000137216 700__ $$1744439$$aRubén Corcuera, Paños
000137216 700__ $$0(orcid)0000-0002-8282-3435$$1387193$$aJosé Luis Cortés, Azcoiti
000137216 700__ $$0(orcid)0000-0002-8921-910X$$1572801$$aTheopisti Dafni,  
000137216 700__ $$1682431$$aDavid Díez, Ibáñez
000137216 700__ $$1719766$$aFernando Ezquerro, Sastre
000137216 700__ $$0(orcid)0000-0002-9551-624X$$1387414$$aFernando Falo, Forniés
000137216 700__ $$0(orcid)0000-0002-4742-4279$$1146700$$aEduardo Follana, Adin
000137216 700__ $$0(orcid)0000-0001-8674-1042$$1151511$$aMaría Pilar García, Navarro
000137216 700__ $$0(orcid)0000-0003-1163-1687$$1323991$$aIgor García, Irastorza
000137216 700__ $$0(orcid)0000-0001-7715-4970$$1387741$$aJosé Vicente García, Esteve
000137216 700__ $$0(orcid)0000-0002-3484-6413$$1445708$$aJesús Gómez, Gardeñes
000137216 700__ $$0(orcid)0000-0001-6575-168X$$1442450$$aSergio Gutiérrez, Rodrigo
000137216 700__ $$0(orcid)0000-0003-2916-5493$$1129883$$aDavid Iñiguez, Dieste
000137216 700__ $$0(orcid)0000-0002-2523-8598$$1140966$$aSebastián Jarabo, Lallana
000137216 700__ $$1758902$$aSantiago Lamata, Otín
000137216 700__ $$0(orcid)0000-0003-4055-3390$$1108909$$aRicardo López, Ruiz
000137216 700__ $$0(orcid)0000-0002-7471-5362$$1451552$$aMaría del Carmen López, de la Fuente
000137216 700__ $$0(orcid)0000-0002-6685-9155$$1717792$$aFernando Lorén, Mastral
000137216 700__ $$0(orcid)0000-0003-0271-8713$$1652799$$aIrene Lucas, del Pozo
000137216 700__ $$0(orcid)0000-0001-6284-0521$$1128780$$aFernando Luis, Vitalla
000137216 700__ $$0(orcid)0000-0002-5352-1884$$1120046$$aGloria Luzón, Marco
000137216 700__ $$0(orcid)0000-0001-7056-6913$$1716550$$aJuan Mairal, Ascaso
000137216 700__ $$0(orcid)0000-0001-9273-8165$$1385481$$aLuis Martín, Moreno
000137216 700__ $$0(orcid)0000-0003-4673-9073$$1755024$$aSergio Martínez, Aranda
000137216 700__ $$0(orcid)0000-0001-9221-9306$$1115491$$aJuan Pablo Martínez, Jiménez
000137216 700__ $$0(orcid)0000-0002-9043-4691$$1311810$$aMaría Lucía Martínez, Pérez
000137216 700__ $$0(orcid)0000-0002-5380-3013$$1136388$$aNicolás Jesús Medrano, Marqués
000137216 700__ $$0(orcid)0000-0003-0828-3212$$1468241$$aÁngel Millán, Escolano
000137216 700__ $$0(orcid)0000-0001-6961-7250$$1536157$$aMario Morales, Hernández
000137216 700__ $$0(orcid)0000-0002-0895-1893$$1455567$$aYamir Moreno, Vega
000137216 700__ $$0(orcid)0000-0002-6600-1618$$1420457$$aRaquel Moreno, Loshuertos
000137216 700__ $$0(orcid)0000-0002-1386-5543$$1184616$$aJavier Antonio Murillo, Castarlenas
000137216 700__ $$0(orcid)0000-0002-3465-6898$$1589373$$aAdrián Navas, Montilla
000137216 700__ $$0(orcid)0000-0002-6591-0801$$1515138$$aSofía Zaira Otín, Mallada
000137216 700__ $$0(orcid)0000-0002-0503-8150$$1746234$$aTamara Pardo, Yanguas
000137216 700__ $$0(orcid)0000-0002-9408-4406$$1390505$$aSiannah Peñaranda, Rivas
000137216 700__ $$0(orcid)0000-0001-8425-7345$$1431911$$aSergio Pérez, Gaviro
000137216 700__ $$0(orcid)0000-0001-5959-6724$$1738466$$aHugo Pérez, Martínez
000137216 700__ $$0(orcid)0000-0002-1044-8197$$1447203$$aJavier Redondo, Martín
000137216 700__ $$0(orcid)0000-0003-1357-4815$$1699072$$aMaykoll Anthonny Reyes, Hung
000137216 700__ $$1734961$$aSebastián Juan Roca, Jerat
000137216 700__ $$1744798$$aAlejandro Sáinz, Agost
000137216 700__ $$0(orcid)0000-0002-6048-310X$$1461393$$aFrancisco Javier Salgado, Remacha
000137216 700__ $$0(orcid)0000-0002-5621-1937$$1183176$$aAna Isabel Sánchez, Cano
000137216 700__ $$0(orcid)0000-0002-2980-9685$$1500429$$aJoaquín Sanz, Remón
000137216 700__ $$0(orcid)0000-0002-7552-1228$$1141441$$aMaría Luisa Sarsa, Sarsa
000137216 700__ $$0(orcid)0000-0002-4094-3826$$1521935$$aPascual Sevillano, Reyes
000137216 700__ $$0(orcid)0000-0002-2244-170X$$1145492$$aJesús Mario Subías, Domingo
000137216 700__ $$0(orcid)0000-0003-2772-3762$$1386425$$aAlfonso Tarancón, Lafita
000137216 700__ $$1473523$$aAlejandro Tejedor, Cubero
000137216 700__ $$0(orcid)0000-0001-9814-0834$$1128742$$aMaría Belén Villacampa, Naverac
000137216 700__ $$0(orcid)0000-0003-4478-1948$$1449127$$aDavid Zueco, Lainez
000137216 830__ $$9447
000137216 8564_ $$s8334$$uhttps://zaguan.unizar.es/record/137216/files/guia-26931-es.pdf$$yGuía (idioma español)
000137216 8564_ $$s8381$$uhttps://zaguan.unizar.es/record/137216/files/guia-26931-en.pdf$$yGuide (english)
000137216 970__ $$aGDOC-2023-26931
000137216 980__ $$aGDOC$$bSciences$$bCiencias$$c100